Statistics for Countries by their tourism slogan

Click here to take the quiz!

General Stats

  • This quiz has been taken 14 times
  • The average score is 10 of 26

Answer Stats

HintAnswer% Correct
Home of amazing momentsUnited Kingdom
82%
All within your reachUnited States
82%
There's nothing like ---Australia
73%
Keep exploringCanada
73%
--- like never beforeChina
73%
Powered by NatureNorway
64%
Reveal your own ---Russia
64%
All time classicGreece
45%
Jump into ---Ireland
45%
100% pureNew Zealand
45%
It's more fun in the ---Philippines
45%
Be our guestTurkey
45%
Timeless charmVietnam
45%
Truly AsiaMalaysia
36%
I wish I was in ---Finland
27%
Inspired by ---Iceland
27%
You're invitedIran
27%
Experience to discoverSaudi Arabia
27%
South America undiscoveredGuyana
18%
The 45 minute countryEl Salvador
9%
Land of originsEthiopia
9%
For the best moments of your lifeGeorgia
9%
Move your imaginationPoland
9%
The beach is just the beginningAntigua and Barbuda
0%
A kingdom of unexpected treasuresBrunei
0%
The true South PacificTonga
0%

Score Distribution

Percentile by Number Answered

Percent of People with Each Score

Your Score History

You have not taken this quiz